01774nam a2200421 i 450000100060000000300080000600500170001400600190003100700150005000800410006502000180010602000280012403500220015204000310017405000230020508000110022808000140023908000160025308200120026924503260028126400400060730000660064733600310071333700330074433800430077750400390082058800830085965000350094265000570097765000160103465000150105065000300106565000390109565500270113470000660116170000620122785600630128984266FINmELB20241217152101.0m o u cr cn|||||||||210804s2021 sp a ob 000 0 spa d a9788497293846 a9788497295093q(e-book) a(OCoLC)1265042381 aFINmELBbspaerdacFINmELB 4aGV706.4bT736 2021 a316.46 a796:159.9 a796.4:37.0204a79622300aTransformar a través del deporte y el liderazgo :bel modelo ISSOK /cDomingo Blázquez Sánchez, Roser Fernández Benito (codirectores) ; Albert Batalla Flores, Jaume Mora Arribas, Federico Kuffer Dinerstein, Ligia Esther Torres Burgos, Andrés Barrientos Triay, Salvador Tarín Moreno, Adrián Bolaños Werren. 1aBarcelona :bINDE Editorial,c2021. a1 recurso en línea (120 páginas) :bilustraciones (color) atextobtxt2rdacontent/spa acomputadorabc2rdamedia/spa arecurso en líneabcr2rdacarrier/spa aBibliografía: páginas 117-120. aDescripción basada en metadatos suministrados por el editor y otras fuentes. 0aSportsxPsychological aspects. 0aPhysical education and trainingxStudy and teaching. 0aLeadership. 4aLiderazgo. 4aPsicología del deporte. 4aEducación físicaxDidáctica. 4aLibros electrónicos.1 aBlázquez Sánchez, Domingo,edirector de la publicación.1 aFernández Benito, Roser,edirector de la publicación.40uhttps://elibro.net/ereader/politecnicointernacional/174764